American Samoa Trivia - Statistics

General Stats
  • This quiz has been taken 18 times
  • The average score is 9 of 15
Answer Stats
Hint Answer % Correct
The nearby islands of Tokelau and Niue belong to this country New Zealand
94%
What natural disaster struck in 2009 after a nearby earthquake? Tsunami
94%
Of the 5 major U.S. territories, American Samoa is the only one south of the _____ Equator
89%
Subregion of Oceania that American Samoa is in Polynesia
89%
Main export of American Samoa (hint: type of fish) Tuna
89%
Capital of American Samoa Pago Pago
78%
President of the U.S. when it acquired American Samoa in 1900 William McKinley
78%
American Samoa was one of the few places on Earth that didn't suffer deaths from this global pandemic Spanish Flu
72%
Rather than citizens, American Samoans go by this title under the U.S. government Nationals
50%
Airline of Flight 806, which crashed in American Samoa and killed 97 people in 1974 Pan Am
44%
Oceanic trench to the southwest {Tonga} Trench
28%
Biggest island of American Samoa Tutuila
28%
The nickname of American Samoa, "Motu o Fiafiaga" means this in English Islands of {Paradise}
22%
Largest village Tafuna
22%
Group of three smaller islands to the east {Manu}ʻ{a} Islands
17%
No matching quizzes found
Score Distribution
Percent of People with Each Score
Percentile by Number Answered
Your Score History
You have not taken this quiz